000 00816aam a2200277 i 4500
001 768714001
003 CO-MdFUSB
005 20250430121323.0
007 ta
008 250430txxxx sp |||| |||| 00| 0 spa d
040 _cCO-MdBIC
041 0 _aspa
082 0 4 _223
_a239
_bV695s
100 1 _aVila Ventura, Samuel (1902-)
_eautor
245 1 3 _aLa religión al alcance del pueblo
_c/ Samuel Vila
250 _atercera edición aumentada y revisada
264 0 _bJunta Bautista de Publicaciones,
_aBuenos Aires, Argentina :
_c[fecha de produccion no identificada]
300 _a235 páginas
336 _atexto
_btxt
_2rdacontent
337 _2rdamedia
_asin mediación
_bn
338 _2rdacarrier
_avolumen
_bnc
563 _aRústico
650 7 _aApologética
_9187
942 _cBK
945 _aJTF-925
999 _c35162
_d35162